| 000 | 01163nam0a22002771 4500 | ||
|---|---|---|---|
| 001 | rc\96760 | ||
| 005 | 20021216132724.6 | ||
| 010 |
_a5-7032-0020-2 _95000 |
||
| 035 | _a(NLR Aleph) 005361358 | ||
| 090 |
_a6901737 _c6901737 |
||
| 100 | _a20021216d1993 u |0rusy50 ca | ||
| 101 | 0 | _arus | |
| 102 | _aRU | ||
| 105 | _ay ||||||||| | ||
| 200 | 1 |
_aКритические состояния у детей _e(Диагностика и лечение) _eУчеб.-метод. пособие для субординаторов и интернов _fНижегород. гос. мед. ин-т _g[Депутатова Л.Д. и др.] _gПод общ. ред. И.Г. Шиленка |
|
| 210 |
_aНижний Новгород _cИзд-во НГМИ _d1993 |
||
| 215 |
_a161, [2] с. _d21 |
||
| 320 | _aБиблиогр. в конце разделов | ||
| 701 | 1 |
_aДепутатова _bЛ. Д. |
|
| 702 | 1 |
_aШиленок _bИ. Г. _gИван Григорьевич _4340 |
|
| 712 | 0 | 2 | _aНижегородский медицинский институт |
| 801 | 0 |
_aRU _bNLR _gpsbo |
|
| 801 | 1 |
_aRU _bELAR _2rusmarc |
|
| 852 |
_aNLR _j93-5/1296 |
||
| 942 | _cBOOK | ||
| 980 | _aNB | ||